[Event "EU-ch (Women) 24th"]
[Site "Rhodes"]
[Date "2024.04.22"]
[Round "4"]
[White "Batsiashvili, Nino"]
[Black "Velikic, Adela"]
[Result "1-0"]
[WhiteElo "2445"]
[BlackElo "2258"]
[PlyCount "51"]
[EventDate "2024.04.19"]
[EventType "swiss"]
[EventRounds "10"]
[EventCountry "GRE"]
[SourceTitle "CB18_2024"]
[SourceDate "2024.05.01"]
[SourceVersion "1"]
[SourceVersionDate "2024.05.01"]
[SourceQuality "2"]

1. d4 d5 2. c4 e6 3. Nc3 c6 4. e4 dxe4 5. Nxe4 Bb4+ 6. Bd2 Qxd4 7. Bxb4 Qxe4+ 8. Be2 Na6 9. Ba5 b6 10. Qd6 Bd7 11. Rd1 0-0-0 12. Bc3 f6 13. Qa3 Kb7 14. Nf3 Nc7 15. Nd2 Qg6 16. 0-0 Nh6 17. c5 Nb5 18. Qb4 Nf5 19. a4 Nxc3 20. bxc3 Kc7 21. cxb6+ axb6 22. Nc4 Rb8 23. Nxb6 Rhd8 24. Rb1 Qe8 25. Rfd1 Bc8 26. Na8+ 1-0

[Event "EU-ch (Women) 24th"]
[Site "Rhodes"]
[Date "2024.04.20"]
[Round "2"]
[White "Beydullayeva, Govhar"]
[Black "Velikic, Adela"]
[Result "1-0"]
[WhiteElo "2402"]
[BlackElo "2258"]
[PlyCount "115"]
[EventDate "2024.04.19"]
[EventType "swiss"]
[EventRounds "10"]
[EventCountry "GRE"]
[SourceTitle "CB18_2024"]
[SourceDate "2024.05.01"]
[SourceVersion "1"]
[SourceVersionDate "2024.05.01"]
[SourceQuality "2"]

1. d4 d5 2. c4 e6 3. Nf3 Nf6 4. Nc3 Nbd7 5. cxd5 exd5 6. Qc2 Bb4 7. Bf4 0-0 8. e3 c5 9. Be2 Bxc3+ 10. bxc3 c4 11. 0-0 Re8 12. Nd2 Nf8 13. Rfe1 Ng6 14. Bg3 Bd7 15. Bf3 Bc6 16. h4 h5 17. e4 dxe4 18. Nxe4 Nxe4 19. Bxe4 Bxe4 20. Rxe4 Qd5 21. Rae1 Rxe4 22. Qxe4 Qxe4 23. Rxe4 f5 24. Re2 f4 25. Bh2 Kf7 26. Rb2 b6 27. Rb5 Rh8 28. Bxf4 a6 29. Rd5 Nxf4 30. Rf5+ Kg6 31. Rxf4 Re8 32. Kf1 b5 33. a3 a5 34. Rf3 Re4 35. g3 b4 36. cxb4 axb4 37. axb4 Rxd4 38. Rc3 Kf5 39. Ke2 Ke5 40. f3 Kd5 41. Ra3 c3 42. Rxc3 Rxb4 43. Rc7 g6 44. Re7 Rb3 45. Kf2 Ra3 46. Re4 Rb3 47. g4 hxg4 48. Rxg4 Rb6 49. Rg5+ Kd4 50. Kg3 Rf6 51. Kg4 Ke3 52. Re5+ Kf2 53. f4 Ra6 54. h5 gxh5+ 55. Rxh5 Ra4 56. Rh3 Ra8 57. f5 Kg2 58. Rb3 1-0

[Event "Budapest One Week IM-B 02"]
[Site "Budapest"]
[Date "2024.03.02"]
[Round "9"]
[White "Poysti, Nathanael Nicolai"]
[Black "Velikic, Adela"]
[Result "1/2-1/2"]
[WhiteElo "2182"]
[BlackElo "2266"]
[PlyCount "82"]
[EventDate "2024.02.26"]
[EventType "tourn"]
[EventRounds "9"]
[EventCountry "HUN"]
[EventCategory "1"]
[SourceTitle "CB11_2024"]
[SourceDate "2024.03.13"]
[SourceVersion "1"]
[SourceVersionDate "2024.03.13"]
[SourceQuality "1"]

1. c4 e5 2. g3 d6 3. Bg2 f5 4. Nc3 Be7 5. d3 Nf6 6. e3 0-0 7. Nge2 a5 8. 0-0 Qe8 9. f4 c6 10. b3 Na6 11. Bb2 Bd8 12. Qd2 Bb6 13. d4 exd4 14. exd4 Ne4 15. Nxe4 fxe4 16. Bc3 Nc7 17. Kh1 a4 18. Bb4 Rf6 19. Nc3 e3 20. Qd3 c5 21. dxc5 dxc5 22. Ba3 axb3 23. axb3 Bf5 24. Qe2 Rd8 25. Rad1 Rfd6 26. Rxd6 Rxd6 27. Rd1 Rd4 28. Bf3 h6 29. Kg2 g5 30. fxg5 hxg5 31. g4 Ne6 32. Qxe3 Nf4+ 33. Kf2 Nh3+ 34. Ke2 Nf4+ 35. Kf2 Qxe3+ 36. Kxe3 Bc2 37. Rxd4 cxd4+ 38. Kd2 Bxb3 39. Nd5 Ba5+ 40. Bb4 Bxb4+ 41. Nxb4 b6 1/2-1/2

[Event "Budapest One Week IM-B 02"]
[Site "Budapest"]
[Date "2024.02.29"]
[Round "6"]
[White "Mouhamad, Joachin"]
[Black "Velikic, Adela"]
[Result "1-0"]
[WhiteElo "2316"]
[BlackElo "2266"]
[PlyCount "191"]
[EventDate "2024.02.26"]
[EventType "tourn"]
[EventRounds "9"]
[EventCountry "HUN"]
[EventCategory "1"]
[SourceTitle "CB11_2024"]
[SourceDate "2024.03.13"]
[SourceVersion "1"]
[SourceVersionDate "2024.03.13"]
[SourceQuality "1"]

1. e4 c6 2. Nf3 d5 3. Nc3 dxe4 4. Nxe4 Nf6 5. Nxf6+ exf6 6. Bc4 Qe7+ 7. Qe2 Qxe2+ 8. Bxe2 Bd6 9. 0-0 0-0 10. d4 Bf5 11. c4 Re8 12. Be3 g5 13. Rfe1 Nd7 14. Rad1 Bc2 15. Rd2 Bg6 16. Rc1 Bb4 17. Rdd1 h6 18. a3 Bf8 19. Kf1 f5 20. g3 Bg7 21. h4 f4 22. gxf4 gxf4 23. Bxf4 Re4 24. Bg3 Bh5 25. Ng1 Nf6 26. Rc2 Bg6 27. Rcd2 Rd8 28. Bf3 Ree8 29. Be5 Ne4 30. Bxe4 Bxe4 31. Bxg7 Kxg7 32. f3 Bg6 33. Kf2 Rd6 34. Ne2 Rf6 35. d5 cxd5 36. cxd5 Kf8 37. Ng3 Be4 38. Nxe4 Rxe4 39. d6 Re8 40. Rc1 Rd8 41. Rc7 Rfxd6 42. Rxd6 Rxd6 43. Rxb7 a6 44. Ke3 Kg7 45. b4 Re6+ 46. Kf4 Rf6+ 47. Kg3 Rg6+ 48. Kf2 Rc6 49. a4 Rc4 50. Kg3 a5 51. bxa5 Rxa4 52. Rb5 Kg6 53. h5+ Kf6 54. Kf2 Ra3 55. Ke2 Ke6 56. Kf2 Kf6 57. Rc5 Ke6 58. Kg3 Ra4 59. f4 Ra1 60. Kf3 Ra3+ 61. Kg4 Kf6 62. Rc6+ Kg7 63. a6 Ra5 64. f5 Ra4+ 65. Kf3 Kh7 66. Ke3 Rh4 67. Rc7 Kg7 68. a7 Ra4 69. Kd3 Kf6 70. Kc3 Kxf5 71. Kb3 Ra1 72. Kb4 Kg4 73. Rxf7 Rb1+ 74. Kc5 Rc1+ 75. Kb6 Rb1+ 76. Kc7 Ra1 77. Kb6 Rb1+ 78. Kc6 Rc1+ 79. Kb7 Rb1+ 80. Kc8 Ra1 81. Kb8 Kxh5 82. a8Q Rxa8+ 83. Kxa8 Kg4 84. Rg7+ Kf4 85. Rh7 Kg5 86. Kb7 h5 87. Kc6 Kg4 88. Kd5 h4 89. Ke4 Kg3 90. Rg7+ Kf2 91. Rh7 Kg3 92. Ke3 h3 93. Rg7+ Kh2 94. Kf2 Kh1 95. Rg1+ Kh2 96. Rg3 1-0

[Event "Budapest One Week IM-B 02"]
[Site "Budapest"]
[Date "2024.02.26"]
[Round "1"]
[White "Velikic, Adela"]
[Black "Nemeth, Zoltan"]
[Result "1/2-1/2"]
[WhiteElo "2266"]
[BlackElo "2199"]
[PlyCount "90"]
[EventDate "2024.02.26"]
[EventType "tourn"]
[EventRounds "9"]
[EventCountry "HUN"]
[EventCategory "1"]
[SourceTitle "CB11_2024"]
[SourceDate "2024.03.13"]
[SourceVersion "1"]
[SourceVersionDate "2024.03.13"]
[SourceQuality "1"]

1. d4 d5 2. c4 c6 3. Nf3 e6 4. Nc3 Nf6 5. Bg5 h6 6. Bxf6 Qxf6 7. Qb3 Nd7 8. e4 dxe4 9. Nxe4 Qf4 10. Bd3 Be7 11. 0-0 0-0 12. Rfe1 b6 13. Rad1 Bb7 14. Bb1 Rfd8 15. Ng3 Qc7 16. a3 Nf8 17. Ne5 Bd6 18. Nh5 c5 19. Qg3 f5 20. d5 Bxe5 21. Qxe5 Qxe5 22. Rxe5 g6 23. Nf4 exd5 24. cxd5 Re8 25. Rde1 Rxe5 26. Rxe5 Kf7 27. d6 Kf6 28. Re7 Bc6 29. Ba2 Rd8 30. Rf7+ Ke5 31. Nd3+ Kxd6 32. f4 Bd5 33. Bxd5 Kxd5 34. Ne5 g5 35. Nf3 Ke6 36. Rxa7 gxf4 37. Kf2 Rd3 38. Ra8 Ke7 39. b4 cxb4 40. axb4 Rb3 41. Ne5 Ne6 42. Rb8 Rb2+ 43. Kf1 Rb1+ 44. Kf2 Rb2+ 45. Kf1 Rb1+ 1/2-1/2

[Event "SRB-chT (Women) Div1"]
[Site "Senta"]
[Date "2023.10.18"]
[Round "9.4"]
[White "Velikic, Adela"]
[Black "Dimitrijevic, Andjela"]
[Result "1-0"]
[WhiteElo "2274"]
[BlackElo "1826"]
[PlyCount "53"]
[EventDate "2023.10.10"]
[EventType "team-tourn"]
[EventRounds "11"]
[EventCountry "SRB"]
[SourceTitle "Mega2024 Update 01"]
[Source "Chessbase"]
[SourceDate "2023.11.12"]
[SourceVersion "1"]
[SourceVersionDate "2023.11.12"]
[SourceQuality "1"]
[WhiteTeam "Belgrade Crvena Zvezda (W)"]
[BlackTeam "Kostolac Rudar (W)"]
[WhiteTeamCountry "SRB"]
[BlackTeamCountry "SRB"]

1. e4 c5 2. Nf3 d6 3. d4 cxd4 4. Nxd4 Nf6 5. Nc3 Nc6 6. Bg5 e6 7. Qd3 Bd7 8. 0-0-0 a6 9. f4 Be7 10. Nf3 h6 11. Bh4 g5 12. fxg5 Ng4 13. Qd2 Nge5 14. Rg1 Qa5 15. g6 Qc5 16. gxf7+ Kxf7 17. Na4 Qb4 18. Nxe5+ dxe5 19. Qxb4 Nxb4 20. Rxd7 Rhe8 21. Be2 Nc6 22. Bh5+ Kg8 23. Bxe7 Rxe7 24. Rxe7 Nxe7 25. Rf1 Rf8 26. Rxf8+ Kxf8 27. Nc5 1-0

[Event "SRB-chT Premier"]
[Site "Bajina Basta"]
[Date "2023.09.24"]
[Round "7.5"]
[White "Jovanovic, Dusan D"]
[Black "Velikic, Adela"]
[Result "0-1"]
[WhiteElo "2393"]
[BlackElo "2273"]
[PlyCount "68"]
[EventDate "2023.09.18"]
[EventType "team-tourn"]
[EventRounds "11"]
[EventCountry "SRB"]
[SourceTitle "EXT 2024"]
[Source "ChessBase"]
[SourceDate "2023.10.10"]
[SourceVersion "1"]
[SourceVersionDate "2023.10.10"]
[SourceQuality "1"]
[WhiteTeam "Kostolac Rudar"]
[BlackTeam "Belgrade Crvena Zvezda"]
[WhiteTeamCountry "SRB"]
[BlackTeamCountry "SRB"]

1. Nf3 d5 2. g3 Nf6 3. b3 Bf5 4. Bb2 e6 5. c4 c6 6. Bg2 h6 7. 0-0 Be7 8. d3 0-0 9. Nbd2 Bh7 10. Qc2 a5 11. a3 Nbd7 12. Bc3 c5 13. cxd5 exd5 14. e4 a4 15. Ne5 d4 16. Nxd7 Nxd7 17. Bb2 b5 18. f4 Nb6 19. Nf3 Rc8 20. Rab1 f5 21. e5 Kh8 22. Bc1 axb3 23. Qxb3 Rb8 24. Bd2 c4 25. Qc2 Bg8 26. Rxb5 cxd3 27. Qd1 Bc4 28. Rb1 Nd5 29. Qa4 Qc7 30. Rxb8 Rxb8 31. Rc1 Nc3 32. Bxc3 dxc3 33. Rxc3 Qc5+ 34. Kf1 Rb1+ 0-1

[Event "SRB-chT Premier"]
[Site "Bajina Basta"]
[Date "2023.09.22"]
[Round "5.6"]
[White "Velikic, Adela"]
[Black "Miljkovic, Miroslav D"]
[Result "0-1"]
[WhiteElo "2273"]
[BlackElo "2443"]
[PlyCount "133"]
[EventDate "2023.09.18"]
[EventType "team-tourn"]
[EventRounds "11"]
[EventCountry "SRB"]
[SourceTitle "EXT 2024"]
[Source "ChessBase"]
[SourceDate "2023.10.10"]
[SourceVersion "1"]
[SourceVersionDate "2023.10.10"]
[SourceQuality "1"]
[WhiteTeam "Belgrade Crvena Zvezda"]
[BlackTeam "Ruma Sloven"]
[WhiteTeamCountry "SRB"]
[BlackTeamCountry "SRB"]

1. e4 e5 2. Nf3 Nc6 3. Bc4 Bc5 4. c3 Nf6 5. d3 d6 6. 0-0 0-0 7. a4 a6 8. h3 h6 9. Re1 Re8 10. Nbd2 Ba7 11. Bb3 Ne7 12. Nh4 d5 13. Qf3 Be6 14. exd5 Bxd5 15. Bxd5 Qxd5 16. Ne4 Nxe4 17. dxe4 Qe6 18. Qg4 Qxg4 19. hxg4 Rad8 20. Kf1 Rd7 21. a5 Red8 22. Ra4 f6 23. Nf5 Kf7 24. Rb4 c6 25. g3 Ng6 26. Be3 Bxe3 27. Nxe3 Nf8 28. Ke2 Ne6 29. Rd1 Nc5 30. Rxd7+ Rxd7 31. f3 Ke8 32. Nc4 Kd8 33. Nb6 Re7 34. Na4 Ne6 35. Rc4 Kc7 36. Nb6 Re8 37. Nd5+ Kd6 38. Ne3 g6 39. Ra4 Nc5 40. Ra1 Rh8 41. Nc4+ Ke7 42. Rd1 Ne6 43. Nb6 Rd8 44. Rh1 Rh8 45. Ke3 g5 46. Ke2 Ng7 47. Nc4 Ne8 48. Rd1 Ng7 49. b4 h5 50. Rh1 h4 51. Ne3 Kf7 52. Ng2 h3 53. Ne3 Ne8 54. Nc4 Ke6 55. Rh2 Nd6 56. Nb2 Nb5 57. Kd2 Rh7 58. Nd3 Kd6 59. Nf2 c5 60. bxc5+ Kxc5 61. Kd3 Rd7+ 62. Kc2 Na3+ 63. Kb3 Nc4 64. Nxh3 Nxa5+ 65. Ka4 Nc4 66. Ng1 Rd1 67. Rh7 0-1

[Event "EU-ch (Women) 23rd"]
[Site "Petrovac"]
[Date "2023.03.21"]
[Round "4"]
[White "Pogorelskikh, Sofia"]
[Black "Velikic, Adela"]
[Result "1-0"]
[WhiteElo "2102"]
[BlackElo "2329"]
[PlyCount "70"]
[EventDate "2023.03.18"]
[EventType "swiss"]
[EventRounds "11"]
[EventCountry "MNE"]
[SourceTitle "CBM 213 Extra"]
[Source "ChessBase"]
[SourceDate "2023.05.31"]
[SourceVersion "1"]
[SourceVersionDate "2023.05.31"]
[SourceQuality "1"]

1. e4 c5 2. Nf3 e6 3. d4 cxd4 4. Nxd4 Nc6 5. Nc3 Qc7 6. Be3 a6 7. Qf3 b5 8. Nxc6 Qxc6 9. Bd3 Ba3 10. bxa3 Qxc3+ 11. Ke2 Ne7 12. Qg3 f5 13. Qd6 Bb7 14. f3 fxe4 15. fxe4 Qc6 16. Bc5 Qxd6 17. Bxd6 Nc8 18. Bb4 a5 19. Bc5 d6 20. Bxb5+ Kd8 21. Rhf1 Ba6 22. Bxa6 Rxa6 23. Be3 Rc6 24. Kd3 Ke8 25. Rab1 h6 26. Rb5 g5 27. Rb7 Ne7 28. Rf6 e5 29. Re6 Rh7 30. h4 Rg7 31. h5 Rh7 32. a4 Kf8 33. c4 Rf7 34. Rxh6 Rf1 35. Rh7 Nc8 1-0

[Event "EU-ch 23rd"]
[Site "Vrnjacka Banja"]
[Date "2023.03.11"]
[Round "9"]
[White "Velikic, Adela"]
[Black "Bronstein, Or"]
[Result "0-1"]
[WhiteElo "2329"]
[BlackElo "2465"]
[PlyCount "46"]
[EventDate "2023.03.03"]
[EventType "swiss"]
[EventRounds "11"]
[EventCountry "SRB"]
[SourceTitle "CBM 213"]
[Source "ChessBase"]
[SourceDate "2023.04.30"]
[SourceVersion "1"]
[SourceVersionDate "2023.04.30"]
[SourceQuality "1"]

1. e4 c5 2. Nf3 d6 3. d4 cxd4 4. Nxd4 Nf6 5. Nc3 a6 6. f3 e6 7. Be3 Nbd7 8. g4 h6 9. Qd2 b5 10. a3 Bb7 11. 0-0-0 Rc8 12. Rg1 d5 13. exd5 Bxd5 14. g5 hxg5 15. Bxg5 Qa5 16. Nxd5 Qxd2+ 17. Rxd2 Nxd5 18. a4 Bc5 19. axb5 f6 20. Bc4 N7b6 21. Bxd5 Nxd5 22. Re1 fxg5 23. Rxe6+ Kf7 0-1

[Event "EU-ch 23rd"]
[Site "Vrnjacka Banja"]
[Date "2023.03.09"]
[Round "7"]
[White "Velikic, Adela"]
[Black "Safar, Sandro"]
[Result "1-0"]
[WhiteElo "2329"]
[BlackElo "2173"]
[PlyCount "79"]
[EventDate "2023.03.03"]
[EventType "swiss"]
[EventRounds "11"]
[EventCountry "SRB"]
[SourceTitle "CBM 213"]
[Source "ChessBase"]
[SourceDate "2023.04.30"]
[SourceVersion "1"]
[SourceVersionDate "2023.04.30"]
[SourceQuality "1"]

1. e4 d6 2. d4 Nf6 3. Nc3 Nbd7 4. g4 h6 5. h3 e5 6. Nge2 c6 7. Be3 b5 8. d5 Bb7 9. dxc6 Bxc6 10. Ng3 b4 11. Nd5 Qa5 12. Bg2 g6 13. Qd2 Bxd5 14. exd5 Qb5 15. Qe2 Qxe2+ 16. Kxe2 Nb6 17. a3 Rc8 18. axb4 Nfxd5 19. Bxd5 Nxd5 20. c3 Kd7 21. Rxa7+ Ke6 22. Rd1 f5 23. Nxf5 Nxc3+ 24. bxc3 gxf5 25. gxf5+ Kxf5 26. Kd2 d5 27. Rb1 h5 28. Ra5 Ke4 29. Re1 Kf3 30. Rxd5 h4 31. Rg1 Bh6 32. Rxe5 Rhd8+ 33. Kc2 Bf8 34. Rg4 Rd7 35. Rf5+ Ke2 36. Rxh4 Rdc7 37. Bd2 Bg7 38. Re4+ Kf1 39. Re1+ Kg2 40. Re3 1-0

[Event "EU-ch 23rd"]
[Site "Vrnjacka Banja"]
[Date "2023.03.05"]
[Round "3"]
[White "Velikic, Adela"]
[Black "Kotyk, Michael"]
[Result "1-0"]
[WhiteElo "2329"]
[BlackElo "2018"]
[PlyCount "72"]
[EventDate "2023.03.03"]
[EventType "swiss"]
[EventRounds "11"]
[EventCountry "SRB"]
[SourceTitle "CBM 213"]
[Source "ChessBase"]
[SourceDate "2023.04.30"]
[SourceVersion "1"]
[SourceVersionDate "2023.04.30"]
[SourceQuality "1"]

1. d4 Nf6 2. c4 e6 3. Nf3 d5 4. Nc3 dxc4 5. e4 b5 6. e5 Nd5 7. Nxb5 Nb6 8. a3 Be7 9. Be3 0-0 10. Qc2 a6 11. Nc3 Bb7 12. Be2 Nc6 13. Rd1 Rb8 14. h4 Na5 15. Rh3 Nd5 16. Nxd5 Bxd5 17. Ng5 g6 18. Rg3 c5 19. dxc5 Qc7 20. h5 Qxe5 21. Bd4 Qf5 22. Qxf5 exf5 23. hxg6 fxg6 24. Bc3 f4 25. Rg4 h5 26. Rxd5 hxg4 27. Bxa5 Rfe8 28. Kd1 Bxg5 29. Rxg5 Rxb2 30. Bxc4+ Kh7 31. Rxg4 g5 32. Rxg5 Rxf2 33. c6 Rb8 34. Bd3+ Kh6 35. Rg4 Kh5 36. c7 Re8 1-0

[Event "EU-ch 23rd"]
[Site "Vrnjacka Banja"]
[Date "2023.03.04"]
[Round "2"]
[White "Stanojevic, Ilija"]
[Black "Velikic, Adela"]
[Result "1-0"]
[WhiteElo "2096"]
[BlackElo "2329"]
[PlyCount "50"]
[EventDate "2023.03.03"]
[EventType "swiss"]
[EventRounds "11"]
[EventCountry "SRB"]
[SourceTitle "CBM 213"]
[Source "ChessBase"]
[SourceDate "2023.04.30"]
[SourceVersion "1"]
[SourceVersionDate "2023.04.30"]
[SourceQuality "1"]

1. d4 d5 2. c4 e6 3. Nf3 Nf6 4. Nc3 c6 5. Bg5 h6 6. Bh4 dxc4 7. e4 g5 8. Bg3 b5 9. h4 g4 10. Ne5 Rg8 11. Be2 h5 12. 0-0 Bh6 13. d5 b4 14. Bxc4 bxc3 15. dxe6 fxe6 16. Qxd8+ Kxd8 17. Nf7+ Ke7 18. Nxh6 Rg6 19. Bf4 Ba6 20. Bxa6 Nxa6 21. Rfe1 Kf8 22. bxc3 Ne8 23. Rab1 Nc5 24. Red1 Rg7 25. Rb4 Re7 1-0

[Event "EU-ch 23rd"]
[Site "Vrnjacka Banja"]
[Date "2023.03.03"]
[Round "1"]
[White "Velikic, Adela"]
[Black "Donchenko, Alexander"]
[Result "0-1"]
[WhiteElo "2329"]
[BlackElo "2653"]
[PlyCount "72"]
[EventDate "2023.03.03"]
[EventType "swiss"]
[EventRounds "11"]
[EventCountry "SRB"]
[SourceTitle "CBM 213"]
[Source "ChessBase"]
[SourceDate "2023.04.30"]
[SourceVersion "1"]
[SourceVersionDate "2023.04.30"]
[SourceQuality "1"]

1. d4 Nf6 2. c4 e6 3. Nc3 Bb4 4. f3 d5 5. a3 Be7 6. e4 dxe4 7. fxe4 c5 8. d5 exd5 9. exd5 0-0 10. Nf3 Bg4 11. Be2 Bxf3 12. Bxf3 Bd6 13. 0-0 Nbd7 14. g3 a6 15. Kg2 Re8 16. b3 b5 17. cxb5 Be5 18. Bb2 axb5 19. Qd2 Qb8 20. Rae1 b4 21. axb4 Qxb4 22. Qc2 Rab8 23. Ba1 Bd4 24. Rxe8+ Nxe8 25. Qf5 Ndf6 26. Ne2 Bxa1 27. Rxa1 Qxb3 28. Rc1 Qe3 29. Qf4 Qxf4 30. Nxf4 Rc8 31. Nd3 c4 32. Ne5 Nd6 33. Kf2 Kf8 34. Rc2 Rc7 35. Ke3 Re7 36. Kd4 Nf5+ 0-1

[Event "Belgrade Gligoric Trophy Gp-C"]
[Site "Belgrade"]
[Date "2023.02.06"]
[Round "6"]
[White "Velikic, Adela"]
[Black "Kovacevic, Aleksandar"]
[Result "0-1"]
[WhiteElo "2329"]
[BlackElo "2495"]
[PlyCount "68"]
[EventDate "2023.02.06"]
[EventType "tourn (rapid)"]
[EventRounds "6"]
[EventCountry "SRB"]
[EventCategory "10"]
[SourceTitle "CBM 212 Extra"]
[Source "ChessBase"]
[SourceDate "2023.03.31"]
[SourceVersion "1"]
[SourceVersionDate "2023.03.31"]
[SourceQuality "1"]

1. c4 e5 2. Nc3 Nf6 3. Nf3 Nc6 4. e4 Bb4 5. d3 d6 6. a3 Bc5 7. Be2 a5 8. Be3 Bg4 9. Nd2 Be6 10. 0-0 h6 11. Nd5 Nd4 12. Nb3 Nxb3 13. Qxb3 Bxe3 14. Nxe3 0-0 15. Qd1 a4 16. h3 c6 17. Bg4 Nxg4 18. hxg4 Qb6 19. Qd2 Rfd8 20. Nf5 d5 21. cxd5 cxd5 22. Qc3 dxe4 23. dxe4 Bxf5 24. gxf5 Rd4 25. Rfe1 Rad8 26. Rac1 Rd2 27. Qg3 Rxb2 28. Red1 Rdd2 29. Rxd2 Rxd2 30. Rc8+ Kh7 31. Rf8 Rd7 32. Qxe5 Rd1+ 33. Kh2 Qxf2 34. Kh3 Rh1+ 0-1

[Event "Belgrade Gligoric Trophy Gp-C"]
[Site "Belgrade"]
[Date "2023.02.06"]
[Round "3"]
[White "Velikic, Adela"]
[Black "Perunovic, Milos"]
[Result "0-1"]
[WhiteElo "2329"]
[BlackElo "2554"]
[PlyCount "62"]
[EventDate "2023.02.06"]
[EventType "tourn (rapid)"]
[EventRounds "6"]
[EventCountry "SRB"]
[EventCategory "10"]
[SourceTitle "CBM 212 Extra"]
[Source "ChessBase"]
[SourceDate "2023.03.31"]
[SourceVersion "1"]
[SourceVersionDate "2023.03.31"]
[SourceQuality "1"]

1. c4 c5 2. Nf3 Nf6 3. d4 cxd4 4. Nxd4 e6 5. a3 b6 6. Nc3 Bb7 7. Bg5 a6 8. Qc2 Be7 9. Rd1 0-0 10. e4 Qc7 11. Be2 d6 12. 0-0 Nbd7 13. f4 Rfe8 14. Kh1 Rac8 15. Qb1 h6 16. Bh4 Nxe4 17. Bxe7 Nxc3 18. Bxd6 Qxd6 19. bxc3 Qc7 20. Qb4 Nc5 21. Rb1 Be4 22. Rb2 Nd3 23. Bxd3 Bxd3 24. Rf3 Be4 25. Rff2 Qxc4 26. h3 Qxc3 27. Qxb6 Qxh3+ 28. Kg1 Rc1+ 29. Rf1 Qe3+ 30. Rbf2 Rxf1+ 31. Kxf1 Bd3+ 0-1

[Event "Belgrade Gligoric Trophy Gp-C"]
[Site "Belgrade"]
[Date "2023.02.06"]
[Round "1"]
[White "Velikic, Adela"]
[Black "Sanal, Vahap"]
[Result "1/2-1/2"]
[WhiteElo "2329"]
[BlackElo "2590"]
[PlyCount "106"]
[EventDate "2023.02.06"]
[EventType "tourn (rapid)"]
[EventRounds "6"]
[EventCountry "SRB"]
[EventCategory "10"]
[SourceTitle "CBM 212 Extra"]
[Source "ChessBase"]
[SourceDate "2023.03.31"]
[SourceVersion "1"]
[SourceVersionDate "2023.03.31"]
[SourceQuality "1"]

1. c4 e6 2. d4 Nf6 3. Nf3 b6 4. g3 Bb7 5. Bg2 Be7 6. 0-0 0-0 7. Nc3 Ne4 8. Qc2 Nxc3 9. Qxc3 Be4 10. a3 a5 11. b3 Qc8 12. Bb2 Qb7 13. Rfd1 d6 14. Bh3 Bxf3 15. Qxf3 Qxf3 16. exf3 Bf6 17. Rd2 Na6 18. f4 g6 19. Bg2 Rad8 20. Bb7 Nb8 21. Bf3 d5 22. Rc1 c6 23. Kg2 Rd7 24. h4 h5 25. a4 Na6 26. Ba3 Rfd8 27. cxd5 cxd5 28. Rc6 Rb8 29. Be2 Nb4 30. Bxb4 axb4 31. Kf3 Rbb7 32. Ke3 Rdc7 33. Rdc2 Bd8 34. Ba6 Ra7 35. Bb5 Kf8 36. Kd3 Ke7 37. Rxc7+ Bxc7 38. Ke3 Kd8 39. Rc6 Ke7 40. Rc2 Bd8 41. Rc6 Rb7 42. Kd3 Kf6 43. Rc8 Ke7 44. Rc6 Rb8 45. Ke3 Ra8 46. Rc2 Kf6 47. Rc6 Rb8 48. Rc2 Be7 49. Rc6 Bf8 50. Rc7 Kg7 51. Kd3 Kf6 52. Ke3 Kg7 53. Kd3 Kf6 1/2-1/2

[Event "Belgrade Gligoric 100 Ann op"]
[Site "Belgrade"]
[Date "2023.02.05"]
[Round "10"]
[White "Nenezic, Marko"]
[Black "Velikic, Adela"]
[Result "1-0"]
[WhiteElo "2514"]
[BlackElo "2329"]
[PlyCount "43"]
[EventDate "2023.02.05"]
[EventType "swiss (blitz)"]
[EventRounds "11"]
[EventCountry "SRB"]
[SourceTitle "EXT 2024"]
[Source "ChessBase"]
[SourceDate "2023.10.10"]
[SourceVersion "1"]
[SourceVersionDate "2023.10.10"]
[SourceQuality "1"]

1. Nf3 d5 2. g3 Nf6 3. Bg2 c6 4. 0-0 Bf5 5. d3 e6 6. Nbd2 h6 7. b3 Be7 8. Bb2 0-0 9. Qe1 a5 10. e4 Bh7 11. a3 c5 12. a4 Nc6 13. Qe2 Re8 14. Rac1 Rc8 15. Rfe1 Nb4 16. Bh3 Rb8 17. Ne5 Qb6 18. exd5 Nbxd5 19. Ndc4 Qd8 20. Nxf7 Kxf7 21. Qxe6+ Kf8 22. Ne5 1-0

[Event "Belgrade Gligoric 100 Ann op"]
[Site "Belgrade"]
[Date "2023.02.05"]
[Round "5"]
[White "Velikic, Adela"]
[Black "Pap, Misa"]
[Result "1-0"]
[WhiteElo "2329"]
[BlackElo "2403"]
[PlyCount "143"]
[EventDate "2023.02.05"]
[EventType "swiss (blitz)"]
[EventRounds "11"]
[EventCountry "SRB"]
[SourceTitle "EXT 2024"]
[Source "ChessBase"]
[SourceDate "2023.10.10"]
[SourceVersion "1"]
[SourceVersionDate "2023.10.10"]
[SourceQuality "1"]

1. c4 c5 2. Nc3 g6 3. Nf3 Bg7 4. e3 Nf6 5. d4 0-0 6. d5 d6 7. g3 e5 8. Bg2 Ne8 9. h4 h6 10. h5 g5 11. e4 Bg4 12. Qd3 Na6 13. a3 Nf6 14. Nh2 Bxh5 15. f3 Bg6 16. g4 Qa5 17. Nf1 Nb4 18. Qe2 Rac8 19. Ne3 b5 20. Rb1 Na2 21. Bd2 Nxc3 22. Bxc3 b4 23. Bd2 Qa4 24. axb4 cxb4 25. Qd3 b3 26. Kf2 Nd7 27. Ra1 Nc5 28. Qe2 Qd7 29. Bb4 Qb7 30. Bxc5 Rxc5 31. Ra3 a5 32. Rha1 Ra8 33. Bf1 Bf8 34. Nd1 Qb4 35. Qe3 Rb8 36. Ra4 Qb6 37. R1a3 Be7 38. Nc3 Bd8 39. Nb5 Qa6 40. Rxb3 Bb6 41. Nxd6 Rb5 42. Rxb5 Bxe3+ 43. Kxe3 Rxb5 44. Nxb5 Qb6+ 45. Kd3 f6 46. Kd2 Be8 47. Be2 Qc5 48. Ra3 Qb4+ 49. Kc2 a4 50. Rc3 h5 51. gxh5 Kg7 52. Nc7 Bd7 53. c5 Qd4 54. c6 Bh3 55. Nb5 Qf2 56. Kd2 Bf1 57. Re3 Bxe2 58. Rxe2 Qc5 59. Nc3 Qd4+ 60. Kc2 Qc4 61. Rd2 f5 62. d6 fxe4 63. fxe4 Qxc6 64. d7 Qc4 65. d8Q Qb3+ 66. Kc1 Qc4 67. Rd7+ Kh6 68. Qf6+ Kxh5 69. Rh7+ Kg4 70. Qf5+ Kg3 71. Rh3+ Kg2 72. Qf3+ 1-0

[Event "Belgrade Gligoric 100 Ann op"]
[Site "Belgrade"]
[Date "2023.02.05"]
[Round "9"]
[White "Velikic, Adela"]
[Black "Petrovic, Aleksa"]
[Result "1-0"]
[WhiteElo "2329"]
[BlackElo "2247"]
[PlyCount "41"]
[EventDate "2023.02.05"]
[EventType "swiss (blitz)"]
[EventRounds "11"]
[EventCountry "SRB"]
[SourceTitle "EXT 2024"]
[Source "ChessBase"]
[SourceDate "2023.10.10"]
[SourceVersion "1"]
[SourceVersionDate "2023.10.10"]
[SourceQuality "1"]

1. c4 Nf6 2. Nc3 e5 3. Nf3 Nc6 4. e4 Bb4 5. d3 Bxc3+ 6. bxc3 0-0 7. g3 d6 8. Bg2 Nd7 9. 0-0 Nc5 10. Nh4 Ne7 11. f4 exf4 12. d4 Nd7 13. gxf4 Ng6 14. Nf3 Re8 15. f5 Nh4 16. Nxh4 Qxh4 17. Rf4 Qe7 18. Rf2 Nf6 19. Bg5 h6 20. Bh4 g5 21. fxg6 1-0